000 00741cam a2200217 4500
008 000000n1997 000 0 eng u
020 _a0116209232
035 _a(Sirsi) u100070
041 _aeng
050 _a025.433
_c18
110 _aOffice for National Statistics
_92210
245 _aUK standard industrial classification of economic activities 1992
_bUK SIC(92)
250 _aRev. ed.
260 _aLondon
_bStationery Office
_c1997
300 _avi, 177p.
_c30cm.
350 _a25
520 _a1997 reprint incorporating new subclasses reated since the 1992 edition.
650 _aUK STANDARD INDUSTRIAL CLASSIFICATION OF ECONOMIC ACTIVITIES
690 _aMANAGEMENT-BUSINESS MANAGEMENT-INFORMATION MANAGEMENT
942 _n0
999 _c99577
_d99577